King of Kings/ (Record no. 191311)

MARC details
000 -LEADER
fixed length control field 00486nam a22001817a 4500
005 - DATE AND TIME OF LATEST TRANSACTION
control field 20220824122443.0
010 ## - LCCN (DPL NO)
LC control number ENG-134626
020 ## - INTERNATIONAL STANDARD BOOK NUMBER
International Standard Book Number 9788190914529
Terms of availability 395.00
035 ## - SYSTEM CONTROL NUMBER
System control number EN-118158
037 ## - SOURCE OF ACQUISITION
Source of stock number/acquisition DBAD/PUB
082 ## - DEWEY DECIMAL CLASSIFICATION NUMBER
Classification number 128.2
100 ## - MAIN ENTRY--PERSONAL NAME
Personal name Sinha, P K
245 ## - TITLE STATEMENT
Title King of Kings/
Remainder of title P K Sinha
260 ## - PUBLICATION, DISTRIBUTION, ETC. (IMPRINT)
Place of publication, distribution, etc Kolkata
Name of publisher, distributor, etc Minerva Associates
Date of publication, distribution, etc 2013
270 ## - ADDRESS
City Kolkata
Address 10 Roy Began Street
Postal code 700006
300 ## - PHYSICAL DESCRIPTION
Extent 222p.
Dimensions 21cm(pbk)
942 ## - ADDED ENTRY ELEMENTS (KOHA)
Source of classification or shelving scheme Dewey Decimal Classification
Item type English Books
Classification part 128.2
Call number suffix SIN
Holdings
Withdrawn status Lost status Not for loan Collection code Home library Current library Date acquired Source of acquisition Cost, normal purchase price Full call number Barcode Copy number Cost, replacement price Koha item type
      Non-fiction Ashok Vihar Ashok Vihar 24/08/2022 DBAD/PUB 395.00 128.2 SIN EN-118158 1 395.00 English Books

© Delhi Public Library
Hit Counter
free hit counter